Saint Seiya - Chevaliers d'or (1986) - Statistiques

Statistiques générales
  • Ce quiz a été pris 671 fois
    670 depuis la dernière actualisation
  • Le résultat moyen est 11 sur 13
Statistiques - réponses
Constellations Noms % Correct
Bélier
98%
Taureau Aldebaran
95%
Vierge Shaka
91%
Cancer Masque de mort
90%
Gémeaux Saga
90%
Verseau Camus
88%
Poissons Aphrodite
87%
Scorpion Milo
85%
Capricorne Shura
81%
Lyon Aiolia
79%
Sagittaire Aiolos
76%
Gémeaux Kanon
68%
Balance Dohko
65%
Aucun quiz correspondant
Distribution des résultats
% des personnes avec chaque résultat
Percentile par nombre de réponses
Votre historique - résultats
Vous n’avez pas pris ce quiz depuis la dernière actualisation